[Event "HZ Open"]
[Site "Vlissingen NED"]
[Date "2006.08.10"]
[Round "7"]
[White "Smeets,J"]
[Black "Gurevich,M"]
[Result "1/2-1/2"]
[WhiteElo "2532"]
[BlackElo "2643"]
[EventDate "2006.08.05"]

1. e4 e6 2. d4 d5 3. Nc3 Nf6 4. e5 Nfd7 5. f4 c5 6. Nf3 Nc6 7. Be3 Be7 8.
Qd2 O-O 9. g3 Qa5 10. dxc5 Bxc5 11. Bxc5 Nxc5 12. Bg2 b5 13. Ne2 b4 14.
Ned4 Nxd4 15. Nxd4 Qb6 16. O-O Ba6 17. Rfd1 Bb7 18. Qe3 Ne4 19. a3 a5 20.
axb4 axb4 21. Nf5 Qc7 22. Nd4 h6 23. Bf1 Rxa1 24. Rxa1 Ra8 25. Rxa8+ Bxa8
26. Bd3 Qa7 27. b3 Bb7 28. Kg2 Ba6 29. Bxe4 dxe4 30. Kf2 Bb7 31. Ne2 Qa1
32. Qc1 Qa5 33. Qe3 Qc7 34. c4 bxc3 35. Nxc3 Qa5 36. Nxe4 Qd5 37. Nc5 Qg2+
38. Ke1 Qh1+ 39. Kd2 Qxh2+ 40. Qe2 Bg2 41. Qf2 Qh1 42. Kc3 Bc6 43. Kb4 Qa1
44. Na4 Bh1 45. Qe3 Qd1 46. Nc3 Qd8 47. Kc4 Qc8+ 48. Qc5 Qa6+ 49. Qb5 Qc8+
50. Qc5 Qa8 51. Qe3 Qa6+ 52. Kb4 Bg2 53. Nb5 Qa8 54. Nc3 Bh1 55. Kb5 Bc6+
56. Kb4 Bg2 57. Kc4 Bf1+ 58. Kb4 Bg2 59. Kc4 Qa6+ 60. Kb4 Qa8 1/2-1/2

[Event "HZ Open"]
[Site "Vlissingen NED"]
[Date "2006.08.10"]
[Round "7"]
[White "Iordachescu,V"]
[Black "Van der Wiel,J"]
[Result "1/2-1/2"]
[WhiteElo "2603"]
[BlackElo "2508"]
[EventDate "2006.08.05"]

1. e4 e5 2. Nf3 Nc6 3. Bc4 Nf6 4. d3 Be7 5. O-O O-O 6. Re1 d6 7. a4 h6 8.
a5 Be6 9. a6 b6 10. Nbd2 Bxc4 11. Nxc4 Re8 12. Bd2 Bf8 13. Ne3 d5 14. exd5
Nxd5 15. Nc4 Bd6 16. c3 b5 17. Nxd6 cxd6 18. c4 Nc7 19. cxb5 Nxb5 20. Qa4
Rb8 21. Rac1 Qd7 22. Rc4 Ne7 23. Rec1 Qf5 24. Rb4 Qxd3 25. Be3 Nd5 26. Rb3
Qe2 27. Re1 Qc2 28. Rc1 Qe2 29. Re1 Qc2 30. Rc1 1/2-1/2

[Event "HZ Open"]
[Site "Vlissingen NED"]
[Date "2006.08.10"]
[Round "7"]
[White "Barua,D"]
[Black "Perez,Rod"]
[Result "1-0"]
[WhiteElo "2453"]
[BlackElo "2406"]
[EventDate "2006.08.05"]

1. e4 e5 2. Bc4 Nf6 3. d3 Nc6 4. Nf3 Bc5 5. Bb3 d6 6. c3 a6 7. O-O Ba7 8.
Be3 O-O 9. Nbd2 Ne7 10. Re1 Ng6 11. Nf1 h6 12. Ng3 Re8 13. a4 Be6 14. Bxe6
Rxe6 15. Bxa7 Rxa7 16. d4 Re8 17. Qb3 a5 18. Rad1 Qc8 19. dxe5 dxe5 20. Nd2
Ra8 21. Nc4 Qe6 22. Nf5 b6 23. f3 h5 24. Nfe3 Red8 25. g3 h4 26. Rxd8+ Rxd8
27. Rd1 Rd7 28. Rxd7 Qxd7 29. Qd1 Qe7 30. Kg2 Kh7 31. b3 Qc5 32. Nd5 Nxd5
33. Qxd5 Qe7 34. Qd2 Qe6 35. Qd8 Qc6 36. Qd5 Qe8 37. Ne3 Qe7 38. Nf5 Qf6
39. Qd7 Qe6 40. Qxe6 fxe6 41. Nxh4 Nf8 42. f4 Nd7 43. Nf3 Nc5 44. Nd2 exf4
45. gxf4 Kg6 46. Kf3 Kf6 47. h4 g6 48. Kg4 c6 49. e5+ Kg7 50. Nc4 Nxb3 51.
Nxb6 Nc5 52. Kf3 Kf7 53. Ke3 Ke7 54. Kd4 Nb7 55. Nc4 Kd7 56. Nd2 Kc7 57.
Ne4 Kb6 58. Nd6 c5+ 59. Kc4 Nd8 60. Nc8+ 1-0

[Event "HZ Open"]
[Site "Vlissingen NED"]
[Date "2006.08.10"]
[Round "7"]
[White "Erenburg,S"]
[Black "Klenburg,M"]
[Result "0-1"]
[WhiteElo "2585"]
[BlackElo "2403"]
[EventDate "2006.08.05"]

1. e4 e5 2. Nf3 Nc6 3. Bb5 a6 4. Ba4 Nf6 5. O-O Be7 6. Re1 b5 7. Bb3 d6 8.
c3 O-O 9. h3 Na5 10. Bc2 c5 11. d4 Qc7 12. Nbd2 cxd4 13. cxd4 Nc6 14. a3
Bd7 15. d5 Na5 16. b3 Rfc8 17. Ra2 Nb7 18. b4 a5 19. Rb2 Nd8 20. Bd3 a4 21.
Nf1 g6 22. Ng3 Ne8 23. Nh2 f6 24. h4 Ng7 25. h5 Nf7 26. Bd2 Qb7 27. Ng4 Rc7
28. Qf3 Ne8 29. hxg6 hxg6 30. Nf1 Qc8 31. Ngh2 Ng7 32. Qg3 Ng5 33. Qe3 Nh5
34. g3 Bf8 35. Qe2 Rb8 36. Kh1 Nh3 37. Rbb1 Qe8 38. Rbc1 Rbc8 39. Rxc7 Rxc7
40. f3 Ng5 41. Ng4 Be7 42. Nf2 Kg7 43. f4 Nf7 44. Kg1 Rb7 45. Rc1 Bd8 46.
Be3 Rc7 47. Rxc7 Bxc7 48. Nd1 Nh6 49. Nc3 exf4 50. gxf4 Ng4 51. Bxb5 Nxe3
52. Qxe3 Qb8 53. Qd3 Nxf4 54. Qf3 Nh3+ 55. Kg2 Ng5 56. Qd3 Bh3+ 57. Kf2
Qa7+ 58. Ne3 f5 59. exf5 Bxf5 60. Qd2 Bb6 61. Ke2 Qe7 62. Ncd1 Qe4 63. Qc3+
Kh7 64. Qf6 Qf3+ 65. Ke1 Qh1+ 66. Ke2 Qh2+ 67. Kf1 Qf4+ 68. Ke1 Nf3+ 69.
Ke2 Bd3+ 0-1

[Event "HZ Open"]
[Site "Vlissingen NED"]
[Date "2006.08.10"]
[Round "7"]
[White "Stellwagen,D"]
[Black "Schuurman,P"]
[Result "1/2-1/2"]
[WhiteElo "2575"]
[BlackElo "2219"]
[EventDate "2006.08.05"]

1. e4 c6 2. d4 d5 3. f3 e6 4. Nc3 Bb4 5. Bf4 Nf6 6. Qd3 b6 7. Nge2 Ba6 8.
Qe3 O-O 9. O-O-O Bc4 10. g4 b5 11. b3 Bxe2 12. Nxe2 a5 13. Kb1 Qb6 14. Ng3
Nbd7 15. g5 Ne8 16. h4 Qa7 17. Rh2 Nb6 18. h5 Nd6 19. g6 h6 20. e5 Ndc4 21.
bxc4 bxc4 22. c3 Ba3 23. Kc2 Na4 24. Ne2 Rab8 25. Kd2 c5 26. Ke1 fxg6 27.
hxg6 cxd4 28. Nxd4 Nxc3 29. Bh3 Rfe8 30. Rhd2 Nxd1 31. Qxa3 Rb1 32. Rxd1
Rxd1+ 33. Kxd1 Qxd4+ 34. Bd2 Qg1+ 35. Be1 Qxg6 36. Bxa5 Qg1+ 37. Be1 Qd4+
38. Bd2 Qxe5 39. Qe3 Qxe3 40. Bxe3 Kf7 41. Bc5 Rc8 42. Bb4 Rb8 43. a3 Kf6
44. Kc2 g5 45. Kc3 Ra8 46. Kd4 h5 47. Bd6 Ra6 48. Bb4 Ra8 49. Bd6 Ra6 50.
Bb4 1/2-1/2

[Event "HZ Open"]
[Site "Vlissingen NED"]
[Date "2006.08.10"]
[Round "7"]
[White "Kohlweyer,B"]
[Black "Li Shilong"]
[Result "0-1"]
[WhiteElo "2419"]
[BlackElo "2540"]
[EventDate "2006.08.05"]

1. d4 Nf6 2. c4 g6 3. Nc3 Bg7 4. e4 O-O 5. Nge2 d6 6. f3 a6 7. Be3 c6 8. c5
Nbd7 9. Qd2 b5 10. cxd6 exd6 11. Nf4 Nb6 12. Rc1 Re8 13. b3 d5 14. e5 Nfd7
15. Be2 f6 16. exf6 Qxf6 17. Nd1 Bb7 18. Nd3 Nc8 19. Bf2 Nd6 20. Nc5 Bc8
21. O-O Nf5 22. Bd3 Nxd4 23. Re1 Rxe1+ 24. Qxe1 Nxc5 25. Rxc5 Bd7 26. Ne3
Re8 27. Qd1 Ne6 28. Rc2 Nd4 29. Rc5 Qg5 30. Nf1 Ne6 31. h4 Qf4 32. Rc2 Nd4
33. Rd2 c5 34. Bb1 b4 35. Ng3 Bb5 36. h5 Bh6 37. Rxd4 cxd4 38. hxg6 hxg6
39. Bxg6 Rc8 40. Qxd4 Rc1+ 41. Kh2 Qxd4 42. Bxd4 Bg7 43. Be3 Rc6 44. Bf5
Bc3 45. Bg5 Kf7 46. f4 d4 47. Be4 d3 48. Bxc6 Bxc6 0-1

[Event "HZ Open"]
[Site "Vlissingen NED"]
[Date "2006.08.10"]
[Round "7"]
[White "Leenhouts,K"]
[Black "Michiels,B"]
[Result "1-0"]
[WhiteElo "2395"]
[BlackElo "2455"]
[EventDate "2006.08.05"]

1. e4 c5 2. Nf3 e6 3. d4 cxd4 4. Nxd4 Nc6 5. Nb5 d6 6. c4 Nf6 7. N1c3 a6 8.
Na3 b6 9. Be2 Bb7 10. O-O Be7 11. Bf4 O-O 12. Qd2 Qc7 13. Rac1 Ne5 14. f3
Rac8 15. Kh1 Qb8 16. Be3 Bd8 17. Rfd1 Bc7 18. Bg5 Ned7 19. Bf4 Ne5 20. Bg5
Ng6 21. Bxf6 gxf6 22. Qd4 Kg7 23. Nc2 h5 24. Ne3 Rh8 25. Ncd5 exd5 26. Nf5+
Kf8 27. Qxf6 Rh7 28. cxd5 Kg8 29. e5 Re8 30. e6 Bxd5 31. exf7+ Bxf7 32. Bc4
Ne5 33. Bxf7+ Nxf7 34. Re1 Qd8 35. Ne7+ Kf8 36. Rxc7 Rh6 37. Ng6+ 1-0

[Event "HZ Open"]
[Site "Vlissingen NED"]
[Date "2006.08.10"]
[Round "7"]
[White "Pedersen,Stef"]
[Black "Van den Berg,Ad"]
[Result "1-0"]
[WhiteElo "2436"]
[BlackElo "2175"]
[EventDate "2006.08.05"]

1. d4 Nf6 2. c4 c5 3. d5 e5 4. Nc3 d6 5. e4 Nbd7 6. Bd3 Be7 7. Nge2 h5 8.
f3 Kf8 9. Be3 Ne8 10. Qd2 a6 11. O-O Rb8 12. a3 Nc7 13. b4 b5 14. Rfb1 cxb4
15. axb4 bxc4 16. Bxc4 h4 17. Bd3 Rh5 18. Nd1 Bg5 19. Rc1 Bxe3+ 20. Nxe3
Nb6 21. Qc2 Nba8 22. Rab1 Qg5 23. Kf2 Rh6 24. b5 axb5 25. Bxb5 Qd8 26. Bd3
Rxb1 27. Rxb1 Bd7 28. Qa2 Ke7 29. Qa7 Rh8 30. Nc4 Bc8 31. Rb8 Qd7 32. Bc2
Rd8 33. Ba4 Nb5 34. Qxa8 1-0

[Event "HZ Open"]
[Site "Vlissingen NED"]
[Date "2006.08.10"]
[Round "7"]
[White "Bezemer,A"]
[Black "Zambrana,O"]
[Result "1-0"]
[WhiteElo "2346"]
[BlackElo "2429"]
[EventDate "2006.08.05"]

1. e4 c5 2. Nf3 Nc6 3. d4 cxd4 4. Nxd4 Nf6 5. Nc3 e5 6. Ndb5 d6 7. Bg5 a6
8. Na3 b5 9. Nd5 Be7 10. Bxf6 Bxf6 11. c3 Bg5 12. Nc2 Ne7 13. Ncb4 O-O 14.
a4 bxa4 15. Rxa4 a5 16. Nxe7+ Qxe7 17. Nd5 Qb7 18. b3 Bd7 19. Ra3 Qc6 20.
Be2 Be6 21. c4 Qc5 22. Ra4 f5 23. exf5 Rxf5 24. f3 Raf8 25. Bd3 Bh4+ 26.
Kd2 Bxd5 27. Bxf5 Rxf5 28. cxd5 e4 29. fxe4 Bg5+ 30. Kd3 Qe3+ 31. Kc2 Bf6
32. Kb1 Rf2 33. Ra2 Qxe4+ 34. Rc2 Rxc2 35. Qxc2 Qd4 36. Ka2 a4 37. bxa4 g6
38. Rd1 Qb4 39. Rf1 Qd4 40. a5 Kf8 41. Qb3 Kg7 42. a6 Qd2+ 43. Kb1 Qd4 44.
Qb7+ Kh6 45. Rxf6 Qxf6 46. Kc2 Qd4 47. Kb3 Qc5 48. Qc6 Qa5 49. Qxd6 Qb5+
50. Kc3 Qa5+ 51. Kd3 Qb5+ 52. Ke3 1-0

[Event "HZ Open"]
[Site "Vlissingen NED"]
[Date "2006.08.10"]
[Round "7"]
[White "Ziska,H"]
[Black "Roeder,M"]
[Result "1/2-1/2"]
[WhiteElo "2333"]
[BlackElo "2423"]
[EventDate "2006.08.05"]

1. e4 c5 2. Nf3 d6 3. d4 cxd4 4. Nxd4 Nf6 5. Nc3 a6 6. Bg5 e6 7. f4 Qb6 8.
Qd2 Qxb2 9. Nb3 Nc6 10. Bxf6 gxf6 11. Na4 Qa3 12. Nb6 Rb8 13. Nc4 Qa4 14.
a3 b5 15. Nxd6+ Bxd6 16. Qxd6 Qxe4+ 17. Be2 Qd5 18. Qxd5 exd5 19. Bf3 Ne7
20. O-O-O Rb6 21. Nd4 f5 22. Rhe1 Be6 23. Re3 Kd7 24. Rde1 h5 25. h4 Ng6
26. g3 Ne7 27. Re5 Ng6 28. R5e3 Ne7 29. c3 Rh6 30. Kc2 Nc6 31. Rd3 Nxd4+
32. Rxd4 Rd6 33. a4 Kc6 34. Re3 Kc5 35. Be2 Rb6 36. axb5 axb5 37. Rb4 Rh8
38. Kd2 Ra8 39. Bxh5 Ra2+ 40. Ke1 Ra4 41. Rb2 b4 42. Bd1 Ra1 43. Kd2 Ra8
44. Bc2 Rbb8 45. cxb4+ Rxb4 46. Rxb4 Kxb4 47. Re1 Rg8 48. Rg1 Kc4 49. h5
Rh8 50. Rh1 Rh6 51. g4 fxg4 52. f5 Bd7 53. Ke3 g3 54. Kf3 Kd4 55. Kxg3 Kc3
56. Bb1 f6 57. Ba2 Be8 58. Re1 Bf7 59. Re7 Bxh5 60. Bxd5 Kd4 61. Bf3 Bxf3
62. Kxf3 1/2-1/2

[Event "HZ Open"]
[Site "Vlissingen NED"]
[Date "2006.08.10"]
[Round "7"]
[White "Swinkels,R"]
[Black "Khmelniker,I"]
[Result "1/2-1/2"]
[WhiteElo "2286"]
[BlackElo "2461"]
[EventDate "2006.08.05"]

1. e4 e5 2. Nf3 Nc6 3. d4 exd4 4. Nxd4 Nf6 5. Nxc6 bxc6 6. e5 Qe7 7. Qe2
Nd5 8. c4 Nb6 9. Nc3 a5 10. Bd2 Ba6 11. Qe4 g6 12. Bd3 Bg7 13. f4 O-O 14.
b3 f6 15. exf6 Qxf6 16. O-O d5 17. Qf3 dxc4 18. Bxc4+ Bxc4 19. bxc4 Nxc4
20. Be1 Rae8 21. Rc1 Re3 22. Nd5 Qb2 23. Nxe3 Nxe3 24. Bg3 Nxf1 25. Rxf1
Qd4+ 26. Kh1 Qd5 27. Rc1 Rb8 28. h4 Rb2 29. a4 Ra2 30. Rxc6 Qxf3 31. gxf3
Rxa4 32. Rxc7 Bd4 33. h5 gxh5 34. f5 Ra2 35. Rd7 Bf6 36. Rd6 Kf7 37. Rd7+
Kg8 38. Rd6 Kf7 39. Rd7+ Ke8 40. Rd6 Ke7 41. Ra6 a4 42. Ra7+ Ke8 43. Ra8+
Kd7 44. Ra7+ Ke8 45. Ra8+ Kd7 46. Ra7+ Ke8 1/2-1/2

[Event "HZ Open"]
[Site "Vlissingen NED"]
[Date "2006.08.10"]
[Round "7"]
[White "Delemarre,J"]
[Black "Vanderhallen,N"]
[Result "1-0"]
[WhiteElo "2471"]
[BlackElo "2189"]
[EventDate "2006.08.05"]

1. d4 Nf6 2. c4 g6 3. Nc3 Bg7 4. e4 d6 5. h3 O-O 6. Bg5 c5 7. d5 e6 8. Bd3
exd5 9. exd5 Nbd7 10. Nf3 Re8+ 11. Kf1 a6 12. a4 Ne5 13. Nxe5 Rxe5 14. Qd2
Bf5 15. Be2 Qb6 16. a5 Qc7 17. g4 Bd7 18. Bd3 b5 19. axb6 Qxb6 20. Ra2 Ne8
21. f4 Rxg5 22. fxg5 Rb8 23. Rh2 f6 24. Rf2 fxg5 25. Qxg5 1-0

[Event "HZ Open"]
[Site "Vlissingen NED"]
[Date "2006.08.10"]
[Round "7"]
[White "Spoelman,W"]
[Black "Sprangers,R"]
[Result "1-0"]
[WhiteElo "2461"]
[BlackElo "2182"]
[EventDate "2006.08.05"]

1. e4 c5 2. Nf3 d6 3. d4 cxd4 4. Nxd4 Nf6 5. Nc3 a6 6. Be3 e6 7. f3 b5 8.
Qd2 Nbd7 9. g4 Nb6 10. O-O-O Nfd7 11. Bg5 Qc7 12. Bd3 h6 13. Bh4 Ne5 14.
Rhe1 g5 15. Bg3 Bd7 16. f4 gxf4 17. Qxf4 Be7 18. Nf3 b4 19. Ne2 Nxd3+ 20.
Rxd3 Rc8 21. Qd2 Bb5 22. Rd4 a5 23. e5 d5 24. Nf4 Nc4 25. Qf2 a4 26. Kb1
Qc6 27. Rdd1 Bc5 28. Nd4 Bxd4 29. Qxd4 a3 30. b3 Ne3 31. Rc1 Qc3 32. Ne2
Bxe2 33. Qxc3 Rxc3 34. Rxe2 Nxg4 35. Be1 Rh3 36. Bxb4 Rxh2 37. Rxh2 Nxh2
38. Bxa3 Nf3 39. Bd6 Kd7 40. Kb2 f6 41. c4 fxe5 42. c5 d4 43. b4 d3 44. b5
d2 45. Rb1 Ra8 46. b6 Kc6 47. Kc2 Nd4+ 48. Kxd2 Rxa2+ 49. Kd3 Kd5 50. b7
e4+ 51. Ke3 e5 52. Bxe5 Re2+ 53. Kf4 Nc6 54. Bd6 Rf2+ 55. Kg3 1-0

[Event "HZ Open"]
[Site "Vlissingen NED"]
[Date "2006.08.10"]
[Round "7"]
[White "Beuman,T"]
[Black "Garbisu de Goni,U"]
[Result "0-1"]
[WhiteElo "2175"]
[BlackElo "2444"]
[EventDate "2006.08.05"]

1. e4 c5 2. Nc3 Nc6 3. g3 g6 4. Bg2 Bg7 5. d3 d6 6. Be3 Nd4 7. Qd2 Qa5 8.
f4 Rb8 9. Nf3 Nxf3+ 10. Bxf3 Nf6 11. O-O Nd7 12. f5 b5 13. Bh6 O-O 14. h4
Bb7 15. h5 Ne5 16. Kg2 Qb4 17. Be2 Bxh6 18. Qxh6 Qxb2 19. Rh1 gxf5 20. Qg5+
Kh8 21. Qxe7 f6 22. h6 Rf7 23. Qxd6 Rg8 24. Nd5 fxe4 25. Raf1 exd3 26. Kh3
Bxd5 27. Bxd3 Qd4 28. Rf4 Bg2+ 0-1

[Event "HZ Open"]
[Site "Vlissingen NED"]
[Date "2006.08.10"]
[Round "7"]
[White "Freeke,M"]
[Black "Roy Chowdhury,S"]
[Result "1/2-1/2"]
[WhiteElo "2176"]
[BlackElo "2394"]
[EventDate "2006.08.05"]

1. d4 Nf6 2. c4 e6 3. Nc3 c5 4. d5 exd5 5. cxd5 d6 6. Nf3 g6 7. Bf4 Nh5 8.
Bg5 f6 9. Bh4 Be7 10. e3 O-O 11. Be2 Ng7 12. O-O Nf5 13. Bg3 Nxg3 14. hxg3
f5 15. Qc2 Bf6 16. Rab1 b6 17. b4 Nd7 18. Bb5 Ne5 19. Nxe5 Bxe5 20. Bc6 Rb8
21. bxc5 dxc5 22. Rfd1 Bxc3 23. Qxc3 Qd6 24. a4 Bb7 25. Bb5 Rf7 26. Bc4 Bc8
27. a5 Bd7 1/2-1/2

[Event "HZ Open"]
[Site "Vlissingen NED"]
[Date "2006.08.10"]
[Round "7"]
[White "Saptarshi,R"]
[Black "Zomer,K"]
[Result "1-0"]
[WhiteElo "2373"]
[BlackElo "2113"]
[EventDate "2006.08.05"]

1. d4 d5 2. Nc3 Nf6 3. Bg5 Bf5 4. f3 Nbd7 5. Nxd5 Nxd5 6. e4 h6 7. Bh4 N7b6
8. Bf2 Bh7 9. exd5 Qxd5 10. Ne2 e6 11. Nf4 Qa5+ 12. c3 O-O-O 13. Nd3 Bd6
14. b4 Qa3 15. Qb3 Qxb3 16. axb3 a6 17. Bg3 Nd5 18. Bxd6 cxd6 19. Kd2 Rhe8
20. Ra5 Nc7 21. Nb2 e5 22. d5 e4 23. Nc4 Kb8 24. Be2 Re7 25. Ne3 exf3 26.
Bxf3 Rde8 27. Nc4 Nb5 28. Rxb5 axb5 29. Nxd6 Rd8 30. Nxb5 Be4 31. c4 Bxf3
32. gxf3 Re5 33. Nc3 Rde8 34. d6 R8e6 35. c5 Rf6 36. Ra1 Rf4 37. Nb5 Rxb4
38. Nc7 Kc8 39. Kc3 Rf4 40. b4 Re3+ 41. Kd2 Rb3 42. Nd5 Rbxb4 43. Nxb4 Rxb4
44. Kc3 Rf4 45. Ra8+ Kd7 46. Rb8 Rxf3+ 47. Kc4 Rf4+ 48. Kb5 Rf2 49. Rxb7+
Kc8 1-0

[Event "HZ Open"]
[Site "Vlissingen NED"]
[Date "2006.08.10"]
[Round "7"]
[White "Plukkel,S"]
[Black "Roktim,B"]
[Result "0-1"]
[WhiteElo "2148"]
[BlackElo "2365"]
[EventDate "2006.08.05"]

1. e4 c5 2. Nf3 a6 3. c3 d5 4. e5 Nc6 5. d4 Bg4 6. Be3 cxd4 7. cxd4 Bxf3 8.
gxf3 e6 9. Nc3 Nge7 10. Be2 Nf5 11. Qd2 Qh4 12. O-O-O Bb4 13. Qd3 Rc8 14.
Kb1 Bxc3 15. Qxc3 O-O 16. Qd2 Rc7 17. Rdg1 Rfc8 18. Rg4 Qh3 19. Rg5 Ncxd4
20. Bxd4 Rc2 21. Qb4 Nxd4 22. Qe7 Nxe2 0-1

[Event "HZ Open"]
[Site "Vlissingen NED"]
[Date "2006.08.10"]
[Round "7"]
[White "Wolferink,F"]
[Black "Schlawin,M"]
[Result "1/2-1/2"]
[WhiteElo "2141"]
[BlackElo "2349"]
[EventDate "2006.08.05"]

1. e4 e6 2. d4 d5 3. Nd2 c5 4. exd5 exd5 5. Ngf3 Nf6 6. Bb5+ Bd7 7. Bxd7+
Nbxd7 8. O-O Be7 9. Re1 O-O 10. dxc5 Nxc5 11. Nb3 Nce4 12. Nbd4 Bd6 13. c3
Qd7 14. h3 Rac8 15. Be3 Bb8 16. Qb3 a6 17. Rad1 Rfe8 18. Nc2 Nc5 19. Bxc5
Rxe1+ 20. Rxe1 Rxc5 21. Ne5 Qc8 22. Nd4 h5 23. Qd1 Rc7 24. Qf3 Re7 25. Nf5
Re6 26. Qg3 Ne8 27. f4 Bxe5 28. fxe5 Qc7 1/2-1/2

[Event "HZ Open"]
[Site "Vlissingen NED"]
[Date "2006.08.10"]
[Round "7"]
[White "Rosmuller,A"]
[Black "Afek,Y"]
[Result "1-0"]
[WhiteElo "2122"]
[BlackElo "2316"]
[EventDate "2006.08.05"]

1. d4 d5 2. Nf3 c5 3. c3 e6 4. e3 Nf6 5. Nbd2 Nc6 6. Be2 Bd6 7. dxc5 Bxc5
8. b4 Bd6 9. Bb2 O-O 10. a3 e5 11. c4 e4 12. Nd4 Re8 13. cxd5 Nxd5 14. Nxc6
bxc6 15. Qc2 Qe7 16. Bd4 a5 17. b5 c5 18. Bb2 a4 19. Nc4 Bc7 20. Rd1 Qg5
21. Kf1 Bb7 22. h4 Qh6 23. g4 Qe6 24. Ke1 Re7 25. g5 f5 26. h5 f4 27. Kd2
fxe3+ 28. fxe3 Rf8 29. Kc1 Rf2 30. Rd2 Nf4 31. exf4 e3 32. Nxe3 Qxe3 33.
Re1 Kf8 34. h6 gxh6 35. gxh6 Bf3 36. b6 Rxe2 37. Rexe2 Qg1+ 38. Rd1 Bxf4+
39. Kb1 Qg5 40. Rd8+ 1-0

[Event "HZ Open"]
[Site "Vlissingen NED"]
[Date "2006.08.10"]
[Round "7"]
[White "Mombiela Martinez,G"]
[Black "Karasik,E"]
[Result "1/2-1/2"]
[WhiteElo "2102"]
[BlackElo "2289"]
[EventDate "2006.08.05"]

1. e4 c5 2. c3 d5 3. exd5 Qxd5 4. Nf3 Nc6 5. d4 e5 6. Nbd2 cxd4 7. Bc4 Qd8
8. cxd4 exd4 9. O-O Be7 10. Re1 Nf6 11. Nb3 O-O 12. Nbxd4 Nxd4 13. Qxd4
Qxd4 14. Nxd4 Bb4 15. Rf1 a6 16. Nc2 Bd6 17. h3 b5 18. Bb3 Bb7 19. Be3 Rac8
20. Nd4 Rfe8 21. Nf5 Be5 22. Rad1 Rc6 23. Bd4 Bc8 24. Ne3 Bxd4 25. Rxd4 Be6
26. Bxe6 Rcxe6 27. Rfd1 g6 28. Kf1 Kg7 29. Nd5 Nxd5 30. Rxd5 Re2 31. R5d2
Rxd2 32. Rxd2 Re6 33. Rc2 Kf6 34. g3 h5 35. Re2 Rc6 36. h4 Rc4 37. Kg2 Ra4
38. b3 Rd4 39. Rc2 Rd6 40. Kf3 Ke5 41. Ke3 Re6 42. Rd2 Rc6 43. Kf3 Rc3+ 44.
Kg2 Ke6 45. Kf1 Ke5 46. Kg2 Ke6 47. Kf1 Rc5 48. Ke2 Re5+ 49. Kf3 Rc5 50.
Ke2 Ke5 51. Kf3 f6 52. Ke3 Rc3+ 53. Ke2 g5 54. hxg5 fxg5 55. Kf1 h4 56.
gxh4 gxh4 57. Kg2 Ke4 58. Rd6 h3+ 59. Kh2 Rf3 60. Rxa6 Rxf2+ 61. Kxh3 Kd4
62. Ra5 1/2-1/2

[Event "HZ Open"]
[Site "Vlissingen NED"]
[Date "2006.08.10"]
[Round "7"]
[White "Navarrete Delgado,S"]
[Black "Van de Wynkele,E"]
[Result "1-0"]
[WhiteElo "2210"]
[BlackElo "1982"]
[EventDate "2006.08.05"]

1. e4 e6 2. d4 d5 3. exd5 exd5 4. Bd3 Bd6 5. Qf3 c6 6. Nc3 Ne7 7. Bd2 Qb6
8. O-O-O Qxd4 9. h3 Nd7 10. Bg5 Qb4 11. a3 Qa5 12. Bxe7 Bxe7 13. Re1 Nc5
14. Qg3 Ne6 15. Nge2 Qc7 16. f4 Kd8 17. Qf3 Nc5 18. g4 Qa5 19. Rd1 Kc7 20.
Rhe1 Bd6 21. Kb1 Nxd3 22. Qxd3 b6 23. Nd4 Ba6 24. Qf5 Raf8 25. Nb3 Bc8 26.
Qg5 Qa6 27. Qxg7 Bd7 28. Qf6 h5 29. Ne4 Bxa3 30. bxa3 Qxa3 31. Qe5+ Kb7 32.
Nf6 Re8 33. Nxe8 Rxe8 34. Qxh5 1-0

[Event "HZ Open"]
[Site "Vlissingen NED"]
[Date "2006.08.10"]
[Round "7"]
[White "Keessen,AJ"]
[Black "Serdijn,G"]
[Result "1/2-1/2"]
[WhiteElo "2234"]
[BlackElo "2098"]
[EventDate "2006.08.05"]

1. d4 b5 2. c4 bxc4 3. e4 e6 4. Bxc4 Bb7 5. Nc3 Bb4 6. Qe2 f5 7. Bd3 Nf6 8.
Bg5 fxe4 9. Bxe4 Nxe4 10. Bxd8 Nxc3 11. bxc3 Bxc3+ 12. Kd1 Bxa1 13. Bxc7
O-O 14. Nf3 Bxf3 15. gxf3 Bxd4 16. Be5 Nc6 17. Bxd4 Nxd4 18. Qe4 Nxf3 19.
h4 Rac8 20. Rh3 Rc3 21. Rg3 Rf5 22. Qa8+ Kf7 23. Qxa7 Rd5+ 24. Ke2 Re5+ 25.
Kf1 Re1+ 26. Kg2 Rg1+ 27. Kh3 Rh1+ 28. Kg2 Rh2+ 29. Kf1 Rh1+ 30. Kg2 Rh2+
31. Kf1 Rh1+ 1/2-1/2

[Event "HZ Open"]
[Site "Vlissingen NED"]
[Date "2006.08.10"]
[Round "7"]
[White "Lukas,M"]
[Black "Tiggelman,R"]
[Result "0-1"]
[WhiteElo "2069"]
[BlackElo "2211"]
[EventDate "2006.08.05"]

1. e4 c5 2. Nf3 d6 3. d4 cxd4 4. Nxd4 Nf6 5. Nc3 Nc6 6. g3 e5 7. Nf3 h6 8.
h3 Be6 9. Bg2 Qd7 10. Be3 Be7 11. Qe2 Na5 12. Nd2 O-O 13. f4 Rfc8 14. f5
Bc4 15. Nxc4 Nxc4 16. Bc1 Bd8 17. O-O b5 18. Kh2 b4 19. Nd5 Qb5 20. Qd1 Qc5
21. Re1 Nxd5 22. exd5 Bg5 23. Be4 Qf2+ 0-1

[Event "HZ Open"]
[Site "Vlissingen NED"]
[Date "2006.08.10"]
[Round "7"]
[White "Ouwendijk,V"]
[Black "Rens,C"]
[Result "0-1"]
[WhiteElo "2210"]
[BlackElo "2083"]
[EventDate "2006.08.05"]

1. e4 c5 2. Nf3 Nc6 3. Bb5 g6 4. O-O Bg7 5. Re1 Nf6 6. e5 Nd5 7. c3 O-O 8.
d4 cxd4 9. cxd4 d6 10. h3 Qb6 11. Bxc6 Qxc6 12. Na3 Bf5 13. Bd2 Rac8 14.
Qb3 Be6 15. Ng5 Nf4 16. Qg3 dxe5 17. dxe5 Nh5 18. Qh4 Bd5 19. Rac1 Qb6 20.
Bc3 f6 21. exf6 Bxf6 22. Bxf6 Qxf6 23. Rcd1 e6 24. b3 Rc3 25. Qd4 Qxg5 26.
f3 Rcxf3 27. Rd2 Nf4 28. Re5 Qg3 0-1

[Event "HZ Open"]
[Site "Vlissingen NED"]
[Date "2006.08.10"]
[Round "7"]
[White "Mindeguia Guruceaga,J"]
[Black "Kuijpers,J"]
[Result "1/2-1/2"]
[WhiteElo "2199"]
[BlackElo "1930"]
[EventDate "2006.08.05"]

1. e4 e6 2. d4 d5 3. Nd2 Nf6 4. e5 Nfd7 5. Ngf3 c5 6. c3 Nc6 7. Bd3 Qb6 8.
O-O g6 9. dxc5 Nxc5 10. Nb3 Nxb3 11. axb3 Bg7 12. Re1 Qc7 13. Bf4 Bd7 14.
b4 O-O 15. b5 Na5 16. Nd4 a6 17. bxa6 bxa6 18. Qe2 Nc4 19. b3 Nb6 20. Rec1
a5 21. Nb5 Bxb5 22. Bxb5 Rfb8 23. c4 dxc4 24. bxc4 h5 25. Rd1 Rd8 26. Rd6
a4 27. Rc6 Qb7 28. Be3 Nd7 29. f4 a3 30. Ra2 Bf8 31. Qc2 Rac8 32. Ra6 Ra8
33. Rc6 Rac8 34. Ra6 Ra8 1/2-1/2

[Event "HZ Open"]
[Site "Vlissingen NED"]
[Date "2006.08.10"]
[Round "7"]
[White "Arp,F"]
[Black "Sijpkens,M"]
[Result "1/2-1/2"]
[WhiteElo "2054"]
[BlackElo "2198"]
[EventDate "2006.08.05"]

1. e4 e5 2. Nf3 Nc6 3. Bb5 a6 4. Ba4 Nf6 5. O-O Be7 6. Re1 b5 7. Bb3 O-O 8.
a4 Bb7 9. c3 d5 10. axb5 axb5 11. Rxa8 Bxa8 12. d4 dxe4 13. Nxe5 Bd6 14.
Nxc6 Bxc6 15. Bg5 h6 16. Bh4 g5 17. Bg3 Bxg3 18. hxg3 Bd5 19. Nd2 Re8 20.
Nf1 Qd6 21. Bxd5 Qxd5 22. Ne3 Qe6 23. g4 c6 24. Nf5 Kh7 25. f3 h5 26. Qd2
Kg6 27. Ng3 hxg4 28. Nxe4 Qf5 29. Nd6 Rxe1+ 30. Qxe1 Qd5 31. Qb1+ Kg7 32.
Nf5+ Kf8 33. Qd3 gxf3 34. Qxf3 1/2-1/2

[Event "HZ Open"]
[Site "Vlissingen NED"]
[Date "2006.08.10"]
[Round "7"]
[White "Schut,L"]
[Black "Oosterom,E"]
[Result "1/2-1/2"]
[WhiteElo "1971"]
[BlackElo "2194"]
[EventDate "2006.08.05"]

1. e4 c5 2. Nf3 Nc6 3. d4 cxd4 4. Nxd4 Nf6 5. Nc3 e5 6. Ndb5 d6 7. Bg5 a6
8. Na3 b5 9. Bxf6 gxf6 10. Nd5 f5 11. c3 Bg7 12. exf5 Bxf5 13. Nc2 O-O 14.
Nce3 Be6 15. g3 f5 16. Qh5 Rb8 17. Bg2 Qd7 18. O-O a5 19. Rfd1 Qf7 20.
Qxf7+ Rxf7 21. Rac1 Kf8 22. Rc2 Kg8 23. Rcd2 Bf8 24. Rc1 Bh6 25. Rcd1 Bf8
1/2-1/2

[Event "HZ Open"]
[Site "Vlissingen NED"]
[Date "2006.08.10"]
[Round "7"]
[White "Van Zutphen,J"]
[Black "Holwijn,M"]
[Result "1/2-1/2"]
[WhiteElo "2194"]
[BlackElo "2002"]
[EventDate "2006.08.05"]

1. d4 c5 2. c3 cxd4 3. cxd4 d5 4. Nc3 Nc6 5. Nf3 Nf6 6. Bf4 Qb6 7. Qb3 Qxb3
8. axb3 Bf5 9. e3 e6 10. Bb5 Nd7 11. O-O Be7 12. Rfc1 O-O 13. Bxc6 bxc6 14.
Ra6 Nb8 15. Ra4 f6 16. h3 a6 17. Rca1 Ra7 18. Bxb8 Rxb8 19. Rxa6 Rxa6 20.
Rxa6 Rxb3 21. Rxc6 Kf7 22. Nd1 Rb7 23. Ne1 Ra7 24. Kf1 e5 25. Ke2 exd4 26.
exd4 Ra4 27. Nf3 Rb4 28. Kd2 Rb3 29. Kc1 Be4 30. Nd2 Rb4 31. Nxe4 dxe4 32.
d5 f5 33. Ne3 Bg5 34. Kc2 f4 35. Nc4 e3 36. fxe3 fxe3 37. b3 Rb8 38. Ne5+
Kg8 39. Nf3 Bf4 40. Rc4 g5 41. Nd4 Ra8 42. Kd3 Ra1 43. Rc2 Rd1+ 44. Ke4 Rd2
45. Rc1 Rxg2 46. Re1 Rb2 47. Nf5 Rxb3 48. Nxe3 Rb4+ 49. Kf5 Rd4 50. Ng4
Rxd5+ 51. Ke6 Rd6+ 52. Kf5 Kf7 53. Ra1 Rd7 54. h4 Rb7 55. hxg5 Bd2 56. Ne5+
Kg7 57. Rd1 Bc3 58. Rd5 Bxe5 1/2-1/2